The Mafia manager : ενας οδηγός στη διοίκηση της φαμίλιας Μακιαβέλλι

Αποθηκεύτηκε σε:
Λεπτομέρειες βιβλιογραφικής εγγραφής
Κύριος συγγραφέας: V.
Μορφή: Βιβλίο
Γλώσσα:Greek
English
Δημοσίευση: Αθήνα : Περίπλους, c2000.
Σειρά:Management (Περίπλους)
Θέματα:
Ετικέτες: Προσθήκη ετικέτας
Δεν υπάρχουν, Καταχωρήστε ετικέτα πρώτοι!

MARC

LEADER 00000cam a2200000 i 4500
001 1/70686
008 050211s2000 gr | ||| |||| | gre||
020 |a 9608151090 
035 |l 10076302 
040 |a GR-MyUa  |b gre  |e AACR2 
041 1 |a gre  |h eng 
082 7 |a 658   |2 (21) 
100 0 |a V. 
245 1 4 |a The Mafia manager :   |b ενας οδηγός στη διοίκηση της φαμίλιας Μακιαβέλλι /   |c από τον V ; μετάφραση: Κ. Μ. 
260 |a Αθήνα :   |b Περίπλους,   |c c2000. 
300 |a 157 σ. ;   |c 20 εκ. 
490 1 |a Management (Περίπλους) 
650 0 0 |a Management. 
650 0 0 |a Personnel management. 
830 0 |a Management (Περίπλους) 
852 |a INST  |b SYROS  |e 20050211  |h 658 V  |p 005500005499  |q 005500005499  |t BK  |y 0 
901 |a BIBL5-2005-1 
922 |a 5ΕΛΗ  |b 200411  |c Βιβλιοθήκη Σύρου  |d Πλάστιγγα 
950 |a 188-2004-11-03 
970 |a Κοντού  |b Παρασκευή  |z 2005/02/11